000 00278nam a22000977a 4500
008 230731b xxu||||| |||| 00| 0 eng d
245 _aWorld Report on Knowledge for Better Health
_bStrengthening Health Systems
260 _aGeneva
_bWHO
_c2004
300 _aXV,146p
942 _2ddc
_cBK
999 _c4025
_d4025